| 000 | 00626cab a2200229 4500 | ||
|---|---|---|---|
| 001 | ABS56488 | ||
| 008 | 090401t1997 xxu||||| |||| 00| 0 eng d | ||
| 035 | _a(Sirsi) u24015 | ||
| 041 | _aeng | ||
| 100 | _aWhewell, J. | ||
| 245 | 4 | _aThe walk-over site survey | |
| 260 | _c1997 | ||
| 350 | _a0 | ||
| 490 |
_aValuer (ISVA) _v66(1) January/February 1997, 22-23(2) |
||
| 520 | _aLooks at the benefits of site investigation and the important stages in the process. | ||
| 650 | _aDESK STUDIES | ||
| 650 | _aSITE INVESTIGATION | ||
| 650 | _aTOPOGRAPHY | ||
| 690 | _aLAND SURVEYING | ||
| 942 | _n0 | ||
| 948 | _c04/03/1997 | ||
| 999 |
_c16081 _d16081 |
||